[Event "Hoogovens"]
[Site "Wijk aan Zee"]
[Date "1999.01.17"]
[Round "2"]
[White "Anand, Viswanathan"]
[Black "Piket, Jeroen"]
[Result "1-0"]
[WhiteElo "2784"]
[BlackElo "2609"]
[Annotator "Wedberg,T"]
[PlyCount "81"]
[EventDate "1999.01.16"]
[EventType "tourn"]
[EventRounds "13"]
[EventCountry "NED"]
[EventCategory "17"]
[SourceTitle "CBM 069"]
[Source "ChessBase"]
[SourceDate "1999.04.01"]
[SourceVersion "1"]
[SourceVersionDate "1999.04.01"]
[SourceQuality "1"]

{[%mdl 1] This is a great game by Anand. The way he seemingly without effort
finds the best squares for his pieces is impressing. Piket makes a slight
mistake when he puts his Q on the wrong square. Anand punishes this with his
super-technique. Study and learn.} 1. e4 {Ftacnik} e5 2. Nf3 Nc6 3. Bb5 a6 4.
Ba4 Nf6 5. O-O Be7 6. Re1 b5 7. Bb3 d6 8. c3 O-O 9. h3 Na5 10. Bc2 c5 11. d4
Nd7 12. Nbd2 cxd4 13. cxd4 Nc6 14. Nb3 a5 15. Bd3 Ba6 16. d5 Nb4 17. Bf1 a4 18.
Nbd4 {'!?' Ftacnik. This trick is well known. Ftacnik: 'This fine strategic
motive is not new, but in the given opening line it plays the central role.
The trapped knight on b4 has no escape route, so white can transform the pawn
structure to his advantage.'} ({, but the main line has always been} 18. a3
Nxd5 19. Qxd5 axb3 (19... Nb6 20. Qd1 axb3 21. Qxb3 Qd7 22. Bg5 $14 {1-0
Hellers,F-Timman,J/Amsterdam 1986/CBM 01 (49)}) 20. Bxb5 Nf6 21. Qd3 Bxb5 22.
Qxb5 Qb8 23. Qxb8 Raxb8 24. Bg5 Rfc8 25. Rac1 $14 {1-0 Sax,G-Rodriguez,A/
Subotica 1987/CBM 03/[Ernst] (54)}) 18... exd4 19. a3 {The N is trapped.} Nxd5
(19... Nc2 20. Qxc2 Bf6 21. Bf4 Rc8 22. Qd2 Nc5 23. Rad1 Re8 24. Nxd4 Rxe4 25.
Rxe4 Nxe4 26. Qb4 $16 {1-0 Lau,R-Toshkov,T/Skien 1979/EXT 99 (34)}) 20. exd5
Bf6 21. Nxd4 Nc5 (21... Bxd4 22. Qxd4 $16 {avoids getting a N on c6, but apart
from that there are few positive features in the black position.}) 22. Nc6 {
'!' Ftacnik.} (22. Nxb5 {Ftacnik} Qd7 23. Nc3 Bxf1 24. Kxf1 Rab8 $14) 22... Qb6
$6 {Ftacnik: 'The main reason for black's suffering, since white can prove
that weakness of d6 pawn is more important than the fate of b5 one. '} (22...
Qd7 {looks more natural, since it keeps d6 protected and threatens Nb3.}) (
22... Qd7 $5 {Ftacnik} 23. Rb1 (23. Qc2 Nb3 24. Rb1 Nd4 $13) 23... Rfe8 24. Be3
$14) 23. Bf4 $1 {A nice shot - from which Black never fully recovers. The
point is that White in a very economical way gets out of the problems with the
weak squares b2 and b3.} Rfe8 (23... Bxb2 24. Ra2 Bc3 25. Re3 Bf6 26. Bxd6 $16)
(23... Nb3 24. Bxd6 Nxa1 25. Bxf8 Rxf8 26. Qxa1 Bb7 (26... Bh4 27. Re3) 27. Qc1
Rc8 28. Qe3 $1 $18) 24. Qc2 {'!' Ftacnik.} (24. Bxd6 Ne4 $132 (24... Ne4 {
Ftacnik} 25. Rxe4 Rxe4 26. Bd3 Ree8 $13)) 24... Nb3 25. Rad1 Qc7 {'?!' Ftacnik.
} (25... Nd4 26. Rxe8+ Rxe8 27. Nxd4 Bxd4 28. Rxd4 $1 {Without this Black
would have a playable position.} Qxd4 29. Qc6 Qe4 (29... Rd8 30. Bg5 f6 31. Be3
Qxb2 32. Qxa6 Qxa3 33. Bxb5 $16) 30. Bxd6 Bc8 31. Bxb5 $18) 26. Re4 $3 {
'!' Ftacnik. A beautiful solution. Suddenly all the pieces fall in place for
White. Ftacnik: 'If white can win control of the e file he would control all
important lines and diagonal on the board. '} Rxe4 {else White doubles on the
e-file.} 27. Qxe4 Bxb2 28. Re1 (28. Bd3 $5 {Ftacnik} g6 29. Qb4 Be5 30. Bxe5
dxe5 31. d6 Qxc6 32. Be4 $18) 28... Qd7 29. Qb4 $1 {This is the point of
Whites rook move to e4. The Q blocks all Black's play on the Q-side and
attacks Black's weak spot on d6. Black's position is sterilised of all chances.
Ftacnik: 'The idea that speaks volumes, the queen protects a3 pawn and attacks
both b5 and d6 one. Black has no chance to cover all the weak spots.'} Bf6 (
29... h6 {Ftacnik} 30. Bxd6 Re8 31. Rxe8+ (31. Nb8 $18) 31... Qxe8 32. Nb8 Bb7
33. Bxb5 Qc8 34. Nc6 $18) (29... Re8 {Ftacnik} 30. Qxd6 Bc8 (30... Qxd6 $2 31.
Rxe8+ Qf8 32. Ne7+ Kh8 33. Rxf8#) 31. Rxe8+ Qxe8 32. Ne7+ Kh8 33. Bxb5 Bxa3 34.
Bxe8 Bxd6 35. Bxd6 $18) 30. Bxd6 h6 (30... Nd4 {Ftacnik} 31. Bd3 Nxc6 32. dxc6
Qxc6 33. Be4 Qc8 34. Bxa8 Qxa8 35. Be7 $18) 31. Bd3 Re8 32. Rxe8+ {Ftacnik:
'Anand is not paying enough attention in a very good position, the tactics
with 32.Nb8! would enable much easier win. '} (32. Nb8 $1 {Ftacnik} Rxe1+ 33.
Qxe1 Bc3 (33... Qxd6 34. Qe8+ Qf8 35. Bh7+ Kxh7 36. Qxf8 $18) 34. Qe3 Qc8 35.
Nxa6 $18) 32... Qxe8 33. Be7 $1 {The d-P is a winner now.} Bb2 (33... Nc1 {
Ftacnik} 34. Bxf6 Nxd3 35. Ne7+ Kh8 (35... Kf8 36. Qd6 gxf6 37. Nf5+ Kg8 38.
Qg3+ $18) 36. Qd2 $18) 34. Qe4 {'!' Ftacnik.} (34. Bxb5 $6 {Ftacnik} Bxa3 $1
35. Qxa4 Bxb5 36. Qxb5 Bxe7 37. Qxb3 Bd6 $16) 34... g6 35. Bb4 {White's
changing of the guards on b4 has made his advantage untouchable.} Qxe4 36. Bxe4
Bf6 37. d6 $18 {Ftacnik: 'The d pawn is so strong, that black must give up
queenside pawns in order to stop him.'} Bc8 38. Bd3 Bd7 39. Nb8 Be6 40. Bxb5
Nd4 41. Bxa4 1-0

[Event "Hoogovens"]
[Site "Wijk aan Zee"]
[Date "1999.01.19"]
[Round "3"]
[White "Shirov, Alexei"]
[Black "Anand, Viswanathan"]
[Result "1/2-1/2"]
[WhiteElo "2726"]
[BlackElo "2784"]
[Annotator "Ribli,Z"]
[PlyCount "80"]
[EventDate "1999.01.16"]
[EventType "tourn"]
[EventRounds "13"]
[EventCountry "NED"]
[EventCategory "17"]
[SourceTitle "CBM 069"]
[Source "ChessBase"]
[SourceDate "1999.04.01"]
[SourceVersion "1"]
[SourceVersionDate "1999.04.01"]
[SourceQuality "1"]

1. e4 c5 2. Nf3 e6 3. d4 cxd4 4. Nxd4 Nc6 5. Nc3 Qc7 6. Be2 a6 7. Be3 Nf6 8.
O-O Bb4 9. Na4 Be7 {Anand bevorzugt wie die Mehrheit der Großmeister diesen
Zug gegenüber der Fortsetzung 9...0-0. Ribli.} 10. Nxc6 bxc6 11. Bd3 {Das ist
eine seltene Fortsetzung, die dem Weißen meines Erachtens keinen
Eröffnungsvorteil verspricht. Die Alternative 11.Nb6 ist vielversprechender.}
c5 12. c4 Bb7 13. Nc3 O-O (13... h5 {Diese etwas verdächtige Fortsetzung führt
zu unklaren Verwicklungen.} 14. h3 h4 15. Qd2 d6 16. Rab1 Rd8 17. Bg5 $1 Nh7
18. Bf4 Nf8 19. b4 cxb4 20. Rxb4 Ng6 $2 (20... Nd7 $13) 21. Rfb1 Ba8 22. Be3
$16 {1/2-1/2 Shirov,A-Milos,G/Groningen (m/2) 1997/[Milos,G] (41)}) (13... d6
14. f4 Nd7 15. Qh5 g6 16. Qh3 f5 17. Bf2 Nf6 18. Rae1 O-O 19. Bh4 Rae8 20. Bg5
Bd8 21. Qh4 fxe4 22. Nxe4 Nxe4 23. Bxe4 Bxe4 24. Rxe4 Bxg5 25. Qxg5 Rf5 26. Qg3
Qb7 27. Qd3 {1-0 Stefansson,H-Vukadinov,M/Winnipeg 1997/CBM 60 ext (43)}) 14.
f4 (14. Qc2 $2 Ng4 15. g3 Nxe3 16. fxe3 Bg5 17. Rf3 f5 18. Raf1 Bf6 19. Nd1 Qe5
20. exf5 Bxf3 21. Rxf3 Bg5 {0-1 Richardson,K-Ogaard,L/Gausdal 1996/CBM 54 ext 
(80)}) 14... d6 {Wir haben eine spezielle sizilianische Igelstellung. Weiß hat
Raumvorteil und Aussicht auf Initiative am Königsflügel, während die schwarze
Stellung fest ist.} 15. Qf3 Rad8 $5 {[%cal Gd8d3] Der Turm steht ideal auf d8
und in einigen Varianten kommt ihm nach weißem e4-e5 eine wichtige Rolle in
der d-Linie zu.} (15... Rfe8 16. Qh3 d5 17. e5 Ne4 18. cxd5 exd5 19. Nxe4 dxe4
20. Bc4 $14 {[%csl Gc4,Gh3]}) 16. Qh3 (16. Rad1 Bc6 17. Qh3 Qb7 18. e5 Ne4 19.
b3 g6 20. Bxe4 Bxe4 21. exd6 Bxd6 22. Nxe4 Qxe4 $11 {[%csl Ge4] Schwarz hat
mindestens gleiche Chancen, denn seine Dame steht sehr gut auf e4. Renet,O. -
Horvath,Jo. Leukerbaad 1992.}) 16... Rfe8 17. Rae1 {Schwarz muss immer mit dem
Durchbruch e4-e5 rechnen.} Nd7 {[%cal Gd7f8,Gd7b8,Gb8c6,Gc6d4]} 18. Rf3 (18. e5
Nf8) 18... Nf8 19. f5 $13 {Eine zweischneidige Fortsetzung. Weiß schwächt das
Feld e5, bekommt aber einige Angriffschancen.} Bf6 (19... Qd7) 20. fxe6 Rxe6 (
20... fxe6 $5 {[%cal Gf8g6,Gg6e5] Dies scheint mir natürlicher. Schwarz kann ..
.Ng6-Ne5 spielen und es ist nicht klar, wie Weiß seinen Angriff fortsetzen
kann.}) 21. Nd5 Bxd5 22. exd5 (22. cxd5 Re7 {[%cal Gf8g6,Gg6e5]} (22... Ree8)
23. Rxf6 gxf6 24. Qh4 $44) 22... Rxe3 {Mit diesem zeitweiligen Qualitätsopfer
führt Schwarz Vereinfachungen herbei und erobert das Feld e5 für seinen
Springer.} 23. Rfxe3 Bd4 24. Kh1 $6 (24. Qh4 $5 Qa5 $13 (24... Bxe3+ 25. Rxe3
$14) (24... Re8 $2 25. Qxd4 $1 cxd4 26. Rxe8 $18 {[%csl Ge1,Ge8,Rf8,Rg8]}))
24... Bxe3 25. Qxe3 {[%cal Ge1e8]} Qb8 26. Qe7 {[%csl Ge7]} Nd7 {[%cal Gd7e5]}
27. Bc2 {[%cal Gc2a4]} (27. Bf5 $6 Ne5) 27... Ne5 28. Ba4 Ng6 (28... Nxc4 $2
29. Be8 {[%csl Rf7,Rg8]} Ne5 30. Rxe5 $18) 29. Qg5 h6 30. Qd2 Ne5 31. b3 $11 {
[%csl Ga4,Ge5]} Qc7 32. h3 Rf8 (32... f6 $5 {Dieser Zug sieht zwar nicht schön
aus, aber Schwarz festigt seine Springerstellung auf e5.}) 33. Rxe5 $1 dxe5 34.
d6 {[%csl Ga4,Gd2,Gd6]} Qd8 35. Qd5 {[%cal Rd5e5,Rd5c5]} Qg5 $132 36. Qxc5 Qc1+
37. Kh2 {[%mdl 576]} (37. Qg1 Qd2 (37... Qxg1+ 38. Kxg1 $18 {[%csl Gc4,Gd6]
Die verbundenen weißen Freibauern entscheiden die Partie.}) 38. c5 e4 39. d7 e3
40. c6 e2 41. c7 e1=Q 42. c8=Q (42. d8=Q $2 Qxg1+ 43. Kxg1 Rxd8 44. cxd8=Q+
Qxd8 $19) 42... Qxg1+ 43. Kxg1 Qe1+ 44. Kh2 Qe5+ {Und Schwarz hat mindestens
Dauerschach oder auch 45...Qf6.}) 37... Qf4+ 38. Kg1 Qc1+ 39. Kh2 (39. Kf2 Qd2+
) 39... Qf4+ 40. Kh1 Qc1+ {Und Remis wegen Dauerschach.} 1/2-1/2

[Event "Hoogovens"]
[Site "Wijk aan Zee"]
[Date "1999.01.21"]
[Round "5"]
[White "Sokolov, Ivan"]
[Black "Anand, Viswanathan"]
[Result "1/2-1/2"]
[WhiteElo "2610"]
[BlackElo "2784"]
[Annotator "Huzman,A"]
[PlyCount "45"]
[EventDate "1999.01.16"]
[EventType "tourn"]
[EventRounds "13"]
[EventCountry "NED"]
[EventCategory "17"]
[SourceTitle "CBM 069"]
[Source "ChessBase"]
[SourceDate "1999.04.01"]
[SourceVersion "1"]
[SourceVersionDate "1999.04.01"]
[SourceQuality "1"]

1. d4 d5 2. c4 dxc4 3. Nf3 a6 4. e3 e6 5. Bxc4 c5 6. O-O Nf6 7. Bb3 Nc6 8. Nc3
cxd4 9. exd4 Be7 10. Re1 O-O 11. Bg5 b5 12. d5 Nxd5 13. Bxd5 exd5 14. Qxd5 Qxd5
15. Nxd5 Bxg5 16. Nxg5 Bb7 17. Ne4 Rfd8 18. Rad1 (18. Nb6 $5 Rab8 19. Nc5 {
[%cal Gc5d7,Gd7b8]} Nb4 $1 (19... Nd4 20. Nbd7 $1 Rbc8 (20... Nc2 21. Nxb8 Nxa1
22. Nbd7 Nc2 23. Nxb7 $18) 21. Rad1 Nc2 22. Nxb7 Rxd7 23. Rxd7 Nxe1 24. Kf1 Nc2
25. Nd6 $16) 20. Rad1 (20. Re7 Bc6 21. Nbd7 Bxd7 22. Nxd7 Rbc8 $15) 20... Bc6
21. a3 Nc2 (21... Nd3 22. Rxd3 Rxd3 23. Nxd3 Rxb6 24. b4 $14) 22. Rxd8+ Rxd8
23. Rc1 Nd4 (23... a5 24. Kf1 $14) (23... b4 $5 24. a4 $1 Nd4 25. Kf1 $36) (
23... Rd2 24. Nb3 Nd4 25. Nxd4 (25. Nxd2 Ne2+ 26. Kf1 Nxc1 $15 {[%csl Rb6]})
25... Rxd4 26. Kf1 $14) 24. Kf1 a5 25. Rd1 b4 26. a4 $36) 18... Nd4 (18... Ne5
19. Nb6 Rxd1 (19... Rab8 20. Nc5 Rxd1 21. Rxd1 h6 22. f4 $16) 20. Rxd1 Re8 21.
Nc5 $14) 19. Nb6 (19. Nc7 $1 Rac8 (19... Ne2+ 20. Kf1 Rxd1 21. Rxd1 Rc8 22. Nc5
$16) 20. Nc5 h6 (20... Bc6 21. N7xa6 Nc2 22. Rxd8+ Rxd8 23. Rc1 $16) 21. Nxb7
Ne2+ 22. Kf1 Rxd1 23. Rxd1 Rxc7 24. Kxe2 Rxb7 25. Rd6 $16) 19... Rab8 20. Nc5
Bc6 21. Nbd7 {.} Bxd7 22. Rxd4 Be6 23. Nxe6 (23. Nxe6 fxe6 24. Rde4 Rb6 $11) (
23. Rde4 Bxa2 24. Nxa6 Rbc8 $11) 1/2-1/2

[Event "Hoogovens"]
[Site "Wijk aan Zee"]
[Date "1999.01.24"]
[Round "7"]
[White "Anand, Viswanathan"]
[Black "Timman, Jan H"]
[Result "1-0"]
[WhiteElo "2784"]
[BlackElo "2649"]
[Annotator "Wedberg,T"]
[PlyCount "79"]
[EventDate "1999.01.16"]
[EventType "tourn"]
[EventRounds "13"]
[EventCountry "NED"]
[EventCategory "17"]
[SourceTitle "CBM 069"]
[Source "ChessBase"]
[SourceDate "1999.04.01"]
[SourceVersion "1"]
[SourceVersionDate "1999.04.01"]
[SourceQuality "1"]

1. e4 {Hansen,Cu} e5 2. Nf3 Nc6 3. Bb5 Nf6 4. O-O Nxe4 5. d4 Be7 6. Qe2 Nd6 7.
Bxc6 bxc6 8. dxe5 Nb7 9. Nc3 O-O 10. Re1 Nc5 11. Nd4 Ne6 12. Nxe6 {A deviation
from the old main line. Since the main line 12.Be3 seems to yield only a
minute plus for White 12.Nxe6 is worth trying.} (12. Nf5 {allows Black to free
himself in the centre with} f6 ({or even} 12... d5 13. exd6 cxd6 14. Qf3 d5 15.
Qg3 Bf6 $11 {0-1 Belik,D-Bastian,H/BL2-S 1993/GER-chT2 (50)}) 13. Nxe7+ Qxe7
14. exf6 (14. f4 fxe5 15. Qxe5 d6 16. Qe4 d5 17. Qe5 Qf6 $11 {0-1 Shetty,
R-Prasad,D/Kasaragod 1996/EXT 98 (35)}) (14. b3 f5 15. Bb2 Rf7 16. Rad1 Bb7 17.
Qc4 a5 18. Qd3 Qh4 $13 {1/2-1/2 Van den Berg,C-Lehmann,H/Beverwijk 1966/MCD 
(31)}) 14... Qxf6 15. Ne4 Qg6 16. Ng3 d5 $11 {1/2-1/2 Leffmann,K-Schottlaender,
A/Nuernberg 1883/HCL (42)}) (12. Be3 {is the "official" main line} Nxd4 13.
Bxd4 c5 14. Be3 d5 15. exd6 Bxd6 {Is White better due to a more harmonious
P-formation or is Black OK with his pair of B:s?} (15... cxd6 $2 16. Bxc5 $1
$16) 16. Ne4 Bb7 17. Nxd6 (17. Bxc5 Bxc5 18. Nxc5 Bxg2 $11) 17... cxd6 18. Rad1
{d6 is a weak spot, but Black seems to be able to protect it by threatening to
attack g2. All in all a fairly even position.} (18. Qg4 Qf6 19. c4 Rfe8 20.
Rad1 Re6 21. Re2 Rae8 22. Red2 Qe5 23. Qg3 Qe4 24. Rd3 Rg6 $17 {0-1 Donoso
Velasco,P-Sanguineti,R/Winnipeg 1974/EXT 98 (56)}) 18... Qf6 19. c4 Rae8 (19...
Rfe8 20. Qg4 Bc6 21. Re2 Re4 22. Qg3 Qe6 23. h3 Rd8 24. Red2 Re5 25. Bh6 $16 {
1-0 Tarrasch,S-Lasker,E/Germany 1908/MainBase (32)}) 20. f3 Re6 21. Qf2 Rfe8
22. b3 h6 $11 {1/2-1/2 Marjanovic,S-Bastian,H/BL8889 1989/GER-chT (42)}) 12...
fxe6 {Hansen,Cu: 'How to evaluate this position? The critical question is what
black can do with his Bs - and especially Bc8. If he could open the /^ a8-h1
he would most probably be doing fine.'} 13. b3 {'?!' Hansen,Cu. Hansen,Cu: 'A
strange move. Black should at some point - as mentioned - play c6-c5. If white
puts his B on b2 black will have no problems. If white puts pressuce on d7
Bb7-c6 would be a good defensive move. The only chance would be to stop c6-c5
or after c6-c5 to attack the P instantly by Bc1-e3, and Qe2-c4 or maybe even
Nc3-a4. The idea would be to win c5 or at least force black to losen his
structure with d7-d6.'} (13. Ne4 d5 14. Ng3 Bc5 15. Be3 Qe7 16. Qg4 Bb6 $11 {
0-1 Chekhover,V-Gothilf,S/Leningrad 1938/HCL (41)}) (13. Be3 $5 {[%cal Ya1d1]
Hansen,Cu}) 13... Qe8 (13... Bb7 $5 {[%cal Yc6c5,Yb7c6] Hansen,Cu}) 14. Be3 (
14. Bb2 Bb7 15. Qg4 {1/2-1/2 Spassky,B-Smyslov,V/Tilburg 1979/MCL/[Ftacnik] 
(15)}) 14... Rf5 {'!' Hansen,Cu.} (14... Bb7 {Hansen,Cu} 15. Ne4 Qg6 (15... c5
16. Bxc5 $16 (16. Nxc5 Bxc5 17. Bxc5 Qg6 $36) 16... Bxe4 17. Bxe7 Bf3 $5 18.
gxf3 Qxe7 {is probably not quite enough compensation for the P}) 16. Bc5 $1 $16
{Blocking the /^ for Bb7 and securing white a clear positional advantage}) 15.
Ne4 a5 {'?!' Hansen,Cu.} ({The crude} 15... Rxe5 {gives White a plus after} 16.
Bf4 Rf5 17. Bxc7 {Hansen,Cu: 'and the weakness of d6 seems to give white a
clear advantage'} Qf8 (17... d5 $6 18. Nd6 Bxd6 19. Bxd6 $16) 18. Rad1 d5 19.
Ng3 Rf7 20. Be5 Bc5 21. Bd4 (21. Rf1 a5 22. a4 Ba6 23. c4 $13) 21... Bxd4 22.
Rxd4 e5 23. Qxe5 Rxf2 24. c4 $14) (15... Bb7 $5 {Recommended by Michael
Greengard (Mig) in his online column in The Week In Chess and he has a point.
Intending to create play against g2 seems a much better option than wasting
time on opening the a-file for White.} 16. Bd4 (16. Nc5 $2 Bxc5 17. Bxc5 d6 $1
18. Bd4 c5 19. Bb2 Qg6 $40) (16. c4 {Hansen,Cu This is probably whites best
chance for a slight advantage} Qg6 17. Bc5 $1) (16. Rad1 Rxe5 17. Bf4 Ra5 18.
Bxc7 Rxa2 19. Bd6 $44) (16. f4 c5 $132 (16... Qg6 17. Bc5 $14)) 16... Qg6 {
[%cal Yg6g2,Yb7g2]} (16... c5 $1 {This is a big difference compared to the game
} 17. Nxc5 (17. Bxc5 $2 Rxe5) 17... Bxc5 18. Bxc5 Qg6 $44 {[%cal Yb7h1,Yg6g1] /
^ a8-h1}) 17. Ng3 (17. f3 c5 18. Bb2 Raf8 $132) 17... c5 18. Bb2 Raf8 $132) 16.
Bd4 a4 17. c4 Bb7 18. Ng3 Rf4 19. Be3 Rf7 20. c5 $1 $16 {[%csl Rd7][%mdl 16]
'!' Hansen,Cu.  Gaining space and hemming both Black's B:s. From now on Pd7 is
permanently weak.  Hansen,Cu: 'The /^ was never opened for blacks white
squared B and now he has a very passive position'} Ba6 21. Qd2 Bh4 {'?!'
Hansen,Cu.} (21... Bb5 {Hansen,Cu} 22. Ne4 $16) 22. Ne4 Rf5 $6 23. Qd4 Be7 {
'?' Hansen,Cu.} (23... axb3 24. axb3 Be7 25. Red1 $16 {><d7}) 24. Ng3 Rf8 25.
Qxa4 {'+/-' Hansen,Cu. Anand is a P up for less than nothing.} h5 26. h3 (26.
h4 $5 {Hansen,Cu Seems to save a tempo over the game} Qd8 27. Qd4 Bxh4 28. Nxh5
$16) 26... Bd3 27. Qd4 Qg6 {Hansen,Cu: 'Black got his B out but he needs to
place it on d5 to have real compensation for the lost P'} 28. h4 Rfd8 29. Bg5 {
Hansen,Cu: 'Exchanging blacks "good" bishop'} (29. Nxh5 $5 {Hansen,Cu}) 29...
Bxg5 30. hxg5 Ra3 31. Qh4 Rda8 32. Nxh5 $18 Bc2 {Hansen,Cu: 'Black has managed
to drum up some counterplay. White cannot win on any positional advantage
anymore but concrete lines still seems to be clearly in his favour'} 33. Nf4
Qh7 34. Qg4 $1 $40 {While Black pick up some P:s on the Q-side White creates
play against Blacks K.} Bxb3 35. Re3 R8a4 (35... Rxa2 36. Rxa2 Rxa2 (36... Qb1+
{Hansen,Cu} 37. Kh2 Rxa2 (37... Qxa2 38. Qh4 $18 {[%cal Re3h3]}) 38. Qh5 $18 {
[%cal Rh5e8]}) 37. Rh3 Qb1+ 38. Kh2 Rxf2 39. Qh5 Rxf4 40. g6 $18) 36. Rh3 Qf5
37. Qxf5 exf5 38. g6 $1 {When the g7-P eventually falls this P will be Q.} Kf8
(38... Rxa2 39. Rb1 Rxf4 40. Rbxb3 Kf8 41. f3 Rc4 42. Rb8+ Ke7 43. Rg8 Rcc2 44.
Rxg7+ Ke6 45. Rg3 $18) 39. Rh8+ Bg8 40. Rd1 (40. Rd1 Rxf4 41. Rxd7 Rg4 42. Rf7+
Ke8 43. Rxg8#) 1-0